000 00243nam a2200097Ia 4500
001 683149
005 20250826161432.0
008 250824s9999 xx 000 0 und d
245 0 _aSÜLEYMAN HAN
_cOKAY TİRYAKİOĞLU
260 _bTİMAŞ YAYINLARI
999 _c683149
_d683149